Estudios de filología e historia en honor del profesor vitalino valcárcel, i / ed. por alejandro martínez sobrino ... [et al.]
Guardado en:
| Otros Autores: | , |
|---|---|
| Formato: | Libro |
| Publicado: |
Vitoria-gasteiz :
Universidad del País Vasco,
2014
|
| Materias: | |
| Etiquetas: |
Agregar Etiqueta
Sin Etiquetas, Sea el primero en etiquetar este registro!
|
| LEADER | 00927nam a22002175a 4500 | ||
|---|---|---|---|
| 001 | EHU.bham044113 | ||
| 003 | AR-BHAM | ||
| 005 | 20160630143303.0 | ||
| 008 | 130507s2014##################000#0#####d | ||
| 020 | |a 9788490820483 | ||
| 082 | 8 | 7 | |a 878 |
| 245 | 0 | 0 | |a Estudios de filología e historia en honor del profesor vitalino valcárcel, i / |b ed. por alejandro martínez sobrino ... [et al.] |c Coord. Por Iñigo Ruiz Arzalluz : |
| 260 | |a Vitoria-gasteiz : |b Universidad del País Vasco, |c 2014 | ||
| 300 | |a 574 p. | ||
| 500 | |a Veleia : revista de prehistoria, historia antigua, arqueología y filología clásicas ; anejos - series minor ; 32 | ||
| 600 | 1 | 4 | |a Valcárcel, Vitalino |
| 653 | |a Filología clásica-estudios de | ||
| 653 | |a Literatura medieval-estudios de | ||
| 700 | 1 | |a Ruiz Arzalluz, Iñigo, coord. | |
| 700 | 1 | |a Martínez Sobrino, Alejandro, ed. | |
| 859 | |a AR-BHAM |b BIB. HUMANIDADES - General |h 878 |i Es88 |p 289.16 |t Ej.1 |v I |3 I | ||
